| 000 | 00756nam a2200205 u 4500 | ||
|---|---|---|---|
| 001 | 000314406 | ||
| 003 | AM-YeHGA | ||
| 005 | 20250617130410.0 | ||
| 008 | 040303s1987 ||| r 000 0 rus d | ||
| 040 | _aAM-YeHGA | ||
| 041 | 0 | _arus | |
| 100 | 1 | _aШкавро, Леонид Григорьевич | |
| 245 | 1 | 0 |
_aПостижение любви : _bКн. стихов / _cЛеонид Шкавро. |
| 260 |
_aМосква : _bСовременник, _c1987. |
||
| 300 |
_a78 с. _bил. |
||
| 440 | 0 | _aНовинки "Современника" | |
| 505 | 0 | _aСтихотворения; Циклы: Возвращение к Халкин-Голу; Свое Отечество любя... | |
| 653 | 0 | _aРусская поэзия | |
| 090 | _c117884 | ||
| 999 |
_c116538 _d116538 |
||